|
|
|
|
| LEADER |
00763nab a2200229 i 4500 |
| 001 |
publ38869 |
| 005 |
20260128103712.0 |
| 008 |
260128s2026 hu o 000 eng d |
| 022 |
|
|
|a 0166-218X
|
| 024 |
7 |
|
|a 10.1016/j.dam.2025.11.040
|2 doi
|
| 024 |
7 |
|
|a 36462559
|2 mtmt
|
| 040 |
|
|
|a SZTE Publicatio Repozitórium
|b hun
|
| 041 |
|
|
|a eng
|
| 100 |
1 |
|
|a Bezdek Károly
|
| 245 |
1 |
0 |
|a Selected topics from the theory of intersections of balls
|h [elektronikus dokumentum] /
|c Bezdek Károly
|
| 260 |
|
|
|c 2026
|
| 300 |
|
|
|a 60-82
|
| 490 |
0 |
|
|a DISCRETE APPLIED MATHEMATICS
|v 382
|
| 650 |
|
4 |
|a Matematika
|
| 700 |
0 |
1 |
|a Lángi Zsolt
|e aut
|
| 700 |
0 |
1 |
|a Naszódi Márton
|e aut
|
| 856 |
4 |
0 |
|u http://publicatio.bibl.u-szeged.hu/38869/1/1-s2.0-S0166218X25006821-main.pdf
|z Dokumentum-elérés
|